[Event "Chigorin Memorial Open"]
[Site "St Petersburg RUS"]
[Date "2011.10.19"]
[Round "6.30"]
[White "Ionov, Sergey"]
[Black "Pavlov, Aleksandr"]
[Result "1-0"]
[WhiteTitle "GM"]
[WhiteElo "2540"]
[BlackElo "2303"]
[WhiteFideId "4100875"]
[BlackFideId "4119924"]
[EventDate "2011.10.14"]

1. d4 Nf6 2. c4 e6 3. Nf3 b6 4. g3 Ba6 5. b3 Bb7 6. Bg2 Bb4+ 7. Bd2 a5 8. O-O
O-O 9. Nc3 Re8 10. Qc2 d6 11. Rfe1 Bxc3 12. Bxc3 Be4 13. Qd2 Nbd7 14. Qf4 Nf8
15. Bf1 Ng6 16. Qe3 Bb7 17. Nd2 d5 18. Bg2 Qe7 19. Rac1 Rad8 20. Bb2 Qd7 21. Nf3
Qd6 22. Ne5 Qb4 23. Nd3 Qf8 24. Qd2 Qe7 25. Qc2 Rc8 26. cxd5 exd5 27. Bh3 Nd7
28. Qd2 Ngf8 29. Ne5 c6 30. Ba3 c5 31. Nxd7 Nxd7 32. Rc3 Qd8 33. Rec1 Rc6 34.
dxc5 Nf6 35. f3 Ba6 36. e3 b5 37. Bb2 b4 38. R3c2 Qe7 39. Bd4 Nd7 40. a3 Rb8 41.
axb4 axb4 42. Ra2 Nf8 43. Rca1 Qb7 44. Be5 Rd8 45. Ra4 Rh6 46. Bg2 Qc8 47. Bd6
Bb7 48. Rxb4 Ne6 49. Ra7 Rd7 50. Qa2 Nd8 51. Rbxb7 1-0

[Event "Chigorin Memorial Open"]
[Site "St Petersburg RUS"]
[Date "2011.10.19"]
[Round "6.31"]
[White "Sakaev, Konstantin"]
[Black "Alekseenko, Kirill"]
[Result "0-1"]
[WhiteTitle "GM"]
[BlackTitle "FM"]
[WhiteElo "2609"]
[BlackElo "2303"]
[WhiteFideId "4104226"]
[BlackFideId "4135539"]
[EventDate "2011.10.14"]

1. d4 d5 2. Nf3 Nf6 3. c4 dxc4 4. e3 Bg4 5. Bxc4 e6 6. h3 Bh5 7. Nc3 a6 8. g4
Bg6 9. Ne5 Nbd7 10. Nxg6 hxg6 11. Bf1 c6 12. Bg2 Bd6 13. Qe2 Qe7 14. Bd2 Nb6 15.
O-O-O Nbd5 16. Kb1 Nxc3+ 17. bxc3 e5 18. e4 O-O-O 19. Rhe1 Qc7 20. Qc4 Nd7 21.
f4 f6 22. dxe5 fxe5 23. f5 Nc5 24. fxg6 b5 25. Qe2 Na4 26. g5 Qa5 27. Kc2 Nb6
28. Kb1 Nc4 29. Bf3 Kb8 30. Bg4 Rhe8 31. Bc1 Qxc3 32. Rd3 Qb4+ 33. Rb3 Qa4 34.
Qc2 Ba3 35. Rc3 Qa5 36. Rd1 Rd4 37. Rdd3 Bxc1 38. Qxc1 Red8 39. Be2 c5 40. h4
Qb4+ 41. Ka1 Rxd3 42. Rxd3 Rxd3 43. Bxd3 Nb6 44. h5 Qd4+ 45. Qb2 Qg1+ 46. Bb1
Nc4 47. Qc3 Qxg5 48. Qd3 Kc7 0-1

[Event "Chigorin Memorial Open"]
[Site "St Petersburg RUS"]
[Date "2011.10.19"]
[Round "6.32"]
[White "Papin, Vasily"]
[Black "Yuferev, Oleg"]
[Result "1-0"]
[WhiteTitle "GM"]
[BlackTitle "FM"]
[WhiteElo "2583"]
[BlackElo "2351"]
[WhiteFideId "4143183"]
[BlackFideId "4131720"]
[EventDate "2011.10.14"]

1. c4 c5 2. g3 g6 3. Bg2 Bg7 4. Nc3 Nc6 5. Nf3 Nh6 6. h4 b6 7. h5 Bb7 8. d3 Nf5
9. h6 Bf8 10. Nd5 f6 11. g4 Nd6 12. g5 Nf7 13. Bd2 fxg5 14. Nxg5 Bxh6 15. Nxf7
Bxd2+ 16. Qxd2 Kxf7 17. Qf4+ Kg8 18. Nxe7+ Nxe7 19. Bxb7 Rb8 20. Bg2 b5 21. Rh3
h5 22. Qd6 Rb6 23. Qxc5 d6 24. Qg5 Qd7 25. Re3 Rh7 26. Bh3 Qb7 27. Be6+ 1-0

[Event "Chigorin Memorial Open"]
[Site "St Petersburg RUS"]
[Date "2011.10.19"]
[Round "6.33"]
[White "Shchukin, Dmitry"]
[Black "Deviatkin, Andrei"]
[Result "0-1"]
[WhiteTitle "IM"]
[BlackTitle "GM"]
[WhiteElo "2344"]
[BlackElo "2580"]
[WhiteFideId "4121724"]
[BlackFideId "4121260"]
[EventDate "2011.10.14"]

1. d4 d5 2. c4 c6 3. Nf3 Nf6 4. Nc3 dxc4 5. a4 Bf5 6. e3 e6 7. Bxc4 Bb4 8. O-O
O-O 9. Qb3 Qb6 10. Ne5 c5 11. a5 Qc7 12. Nb5 Qe7 13. dxc5 Bxc5 14. Nd3 Nc6 15.
Nxc5 Qxc5 16. Be2 Rfd8 17. a6 b6 18. Qc3 Qxc3 19. Nxc3 Rac8 20. f3 Bc2 21. e4
Nd4 22. Bg5 Rxc3 23. bxc3 Nxe2+ 24. Kf2 Nxc3 25. Rfc1 Rd1 26. Rxd1 Nxd1+ 27. Ke1
Ne8 28. Rc1 Ba4 29. Rc8 Nb2 30. Be3 Nd3+ 31. Kd2 Bb5 32. Bxb6 Nb4 33. Bxa7 Nxa6
34. e5 h5 35. Bb6 Nb4 36. Bc5 Na6 37. Bd6 Kh7 38. Ke3 g5 39. g4 Kg6 40. h3 f5
41. Kf2 f4 42. Kg2 hxg4 43. hxg4 Bd7 44. Ra8 Nxd6 45. exd6 Nc5 46. Ra3 Kf6 47.
Rc3 Na6 48. Ra3 Nc5 49. Rc3 Na6 50. Ra3 Nb8 51. Ra7 Bc6 52. Rc7 Bd5 53. Rh7 Bc6
54. Rc7 Ba4 55. Rc4 Bc6 56. Rc1 Ke5 57. d7 Bxd7 58. Rc5+ Kf6 59. Rc7 Ba4 60. Ra7
Bc6 61. Rc7 Bd5 0-1

[Event "Chigorin Memorial Open"]
[Site "St Petersburg RUS"]
[Date "2011.10.19"]
[Round "6.34"]
[White "Demchenko, Anton"]
[Black "Dzhangobegov, Vladimir"]
[Result "1-0"]
[WhiteTitle "IM"]
[WhiteElo "2574"]
[BlackElo "2333"]
[WhiteFideId "4160258"]
[BlackFideId "4180984"]
[EventDate "2011.10.14"]

1. e4 c5 2. Nf3 d6 3. d4 cxd4 4. Nxd4 Nf6 5. Nc3 e6 6. Be3 Be7 7. f3 Nc6 8. Qd2
O-O 9. O-O-O a6 10. g4 Nxd4 11. Bxd4 b5 12. Kb1 Bb7 13. g5 Nd7 14. h4 b4 15. Ne2
a5 16. Be3 Ne5 17. Nd4 d5 18. Qh2 Bd6 19. Bf4 Qb8 20. Qg3 Nc4 21. Bxd6 Qxd6 22.
Qxd6 Nxd6 23. e5 Nc4 24. f4 Ba6 25. Rh3 g6 26. h5 Rfc8 27. Bd3 Kg7 28. Kc1 Nb6
29. hxg6 hxg6 30. Rdh1 Rg8 31. Bxg6 Kf8 32. Bh5 Rc8 33. b3 Ke7 34. Bg4 Nd7 35.
Nxe6 fxe6 36. Rh7+ Kd8 37. Bxe6 Bd3 38. Rxd7+ Ke8 39. Rh2 1-0

[Event "Chigorin Memorial Open"]
[Site "St Petersburg RUS"]
[Date "2011.10.19"]
[Round "6.35"]
[White "Epishin, Vladimir"]
[Black "Ageichenko, Genadi A"]
[Result "1-0"]
[WhiteTitle "GM"]
[BlackTitle "IM"]
[WhiteElo "2544"]
[BlackElo "2343"]
[WhiteFideId "4162714"]
[BlackFideId "4105222"]
[EventDate "2011.10.14"]

1. d4 Nf6 2. c4 e6 3. Nf3 d5 4. g3 c5 5. cxd5 exd5 6. Bg2 Nc6 7. O-O Be7 8. Be3
cxd4 9. Nxd4 O-O 10. Nc3 Re8 11. Qb3 Na5 12. Qc2 Bg4 13. Rad1 Qd7 14. Nf3 Bf5
15. Qc1 Bb4 16. Bd4 Ne4 17. Ne5 Qe6 18. Nb5 Rac8 19. Nc7 Rxc7 20. Qxc7 Rc8 21.
Qxf7+ Qxf7 22. Nxf7 Kxf7 23. a3 Be7 24. Bxg7 Be6 25. Bd4 Rc2 26. f3 Nd6 27. e4
Nc6 28. exd5 Nxd4 29. dxe6+ Nxe6 30. f4 Nf5 31. Be4 Rc5 32. b4 Nd6 33. Rxd6 Bxd6
34. bxc5 1-0

[Event "Chigorin Memorial Open"]
[Site "St Petersburg RUS"]
[Date "2011.10.19"]
[Round "6.38"]
[White "Rozum, Ivan"]
[Black "Duzhakov, Ilya"]
[Result "1-0"]
[WhiteTitle "IM"]
[BlackTitle "FM"]
[WhiteElo "2481"]
[BlackElo "2325"]
[WhiteFideId "24104272"]
[BlackFideId "4192516"]
[EventDate "2011.10.14"]

1. c4 c5 2. Nf3 Nc6 3. Nc3 e5 4. e3 Nf6 5. d4 cxd4 6. exd4 e4 7. Ne5 Bb4 8. Be2
O-O 9. O-O Re8 10. Bf4 Qb6 11. c5 Qd8 12. Qb3 Nxe5 13. dxe5 Bxc3 14. bxc3 Qc7
15. e6 Qxf4 16. exf7+ Kh8 17. fxe8=N Nxe8 18. Rad1 Qf8 19. Qd5 Nf6 20. Qd6 Qf7
21. Rd4 b6 22. c6 dxc6 23. Qd8+ Ne8 24. Rxe4 Bf5 25. Qxa8 Bxe4 26. Re1 Bg6 27.
Bf3 Qg8 28. Bxc6 Nf6 29. Qxa7 h6 30. Qa8 1-0

[Event "Chigorin Memorial Open"]
[Site "St Petersburg RUS"]
[Date "2011.10.19"]
[Round "6.40"]
[White "Nozdrachev, Vladislav"]
[Black "Harshkou, Mikita"]
[Result "1-0"]
[WhiteTitle "FM"]
[WhiteElo "2463"]
[BlackElo "2248"]
[WhiteFideId "24113441"]
[BlackFideId "13504770"]
[EventDate "2011.10.14"]

1. e4 e6 2. d4 d5 3. e5 c5 4. c3 Nc6 5. Nf3 Qb6 6. a3 Nh6 7. b4 cxd4 8. cxd4 Nf5
9. Bb2 Bd7 10. Be2 Rc8 11. Qd2 Be7 12. O-O O-O 13. Bd3 Nh4 14. Nxh4 Bxh4 15. Nc3
f6 16. Na4 Qd8 17. Nc5 fxe5 18. dxe5 b6 19. Nb7 Qg5 20. f4 Qh6 21. Nd6 Rcd8 22.
Rf3 g5 23. fxg5 Qg7 24. Rh3 Rf2 25. Qe3 Rxb2 26. Rxh4 Qxe5 27. Re1 Qxd6 28.
Bxh7+ Kf8 29. Qf3+ 1-0

[Event "Chigorin Memorial Open"]
[Site "St Petersburg RUS"]
[Date "2011.10.19"]
[Round "6.41"]
[White "Charochkina, Daria"]
[Black "Predke, Alexandr"]
[Result "0-1"]
[WhiteTitle "WIM"]
[WhiteElo "2332"]
[BlackElo "2461"]
[WhiteFideId "4180917"]
[BlackFideId "24107581"]
[EventDate "2011.10.14"]

1. e4 e5 2. Nf3 Nc6 3. d4 exd4 4. Nxd4 Nf6 5. Nxc6 bxc6 6. e5 Qe7 7. Qe2 Nd5 8.
c4 Ba6 9. Nd2 O-O-O 10. b3 f6 11. Bb2 fxe5 12. O-O-O Re8 13. g3 Kb8 14. Bh3 Nf6
15. Rhe1 d6 16. Kb1 Qf7 17. Qf3 Bb7 18. c5 d5 19. b4 e4 20. Qf4 Qh5 21. Bf5 Be7
22. g4 Qf7 23. f3 Rhf8 24. fxe4 g6 25. e5 Nxg4 26. Qxg4 Qxf5+ 27. Qxf5 Rxf5 28.
e6 Bh4 29. Re3 Bf2 30. Re5 Rxe5 31. Bxe5 Ba6 32. Nb3 Rxe6 33. Nd4 Bxd4 34. Bxd4
Re2 35. Rf1 Bd3+ 36. Ka1 Bf5 37. Rf2 Re4 38. Rd2 Kc8 39. Kb2 Kd7 40. Kc3 Rh4 41.
Be5 Re4 42. Bd4 Ke6 43. Rf2 h5 44. Rf3 Rh4 45. Re3+ Be4 46. Re2 Rh3+ 47. Kb2 g5
48. Rf2 Bf3 49. Be3 g4 50. Bf4 h4 51. Bxc7 d4 52. Bd8 Ke5 53. Rd2 g3 0-1

[Event "Chigorin Memorial Open"]
[Site "St Petersburg RUS"]
[Date "2011.10.19"]
[Round "6.42"]
[White "Bazeev, German"]
[Black "Kopylov, Alexander A."]
[Result "1/2-1/2"]
[BlackTitle "IM"]
[WhiteElo "2291"]
[BlackElo "2444"]
[WhiteFideId "24119350"]
[BlackFideId "4164857"]
[EventDate "2011.10.14"]

1. d4 Nf6 2. Nf3 d5 3. c4 e6 4. g3 dxc4 5. Bg2 Bb4+ 6. Bd2 a5 7. Qc2 Bxd2+ 8.
Nbxd2 b5 9. a4 c6 10. b3 cxb3 11. Nxb3 O-O 12. O-O Nd5 13. Ne5 Ba6 14. Nc5 b4
15. Be4 h6 16. Bh7+ Kh8 17. Bg6 Kg8 18. Bh7+ Kh8 19. Bg6 Kg8 20. Bh7+ Kh8 21.
Bg6 Kg8 1/2-1/2

[Event "Chigorin Memorial Open"]
[Site "St Petersburg RUS"]
[Date "2011.10.19"]
[Round "6.44"]
[White "Malakhov, Igor"]
[Black "Shurunov, Arseny"]
[Result "1-0"]
[WhiteTitle "FM"]
[BlackTitle "FM"]
[WhiteElo "2428"]
[BlackElo "2219"]
[WhiteFideId "4183088"]
[BlackFideId "24111570"]
[EventDate "2011.10.14"]

1. e4 c5 2. Nf3 Nc6 3. d4 cxd4 4. Nxd4 Qc7 5. Nc3 e6 6. Nxc6 bxc6 7. Bd3 Nf6 8.
O-O e5 9. f4 d6 10. Kh1 Be7 11. Ne2 O-O 12. fxe5 dxe5 13. Ng3 Be6 14. Bg5 Ng4
15. Nf5 Bxf5 16. Rxf5 Nf2+ 17. Rxf2 Bxg5 18. Qh5 Qe7 19. Bc4 g6 20. Qg4 Kg7 21.
Raf1 f6 22. Qe2 Rad8 23. Bb3 Qc5 24. Rf3 Qb5 25. Qf2 Qb6 26. Qe1 Rd4 27. h4 Bf4
28. g3 Bh6 29. c3 Rd6 30. Qe2 Qb5 31. Bc4 Qb6 32. b4 Rd2 33. Qe1 Qd8 34. R3f2
Qd7 35. Kg2 Rxf2+ 36. Qxf2 Qd2 37. b5 cxb5 38. Bxb5 Qxf2+ 39. Kxf2 Rd8 40. Kf3
f5 41. Rb1 Kf6 42. Rb3 Rc8 43. Ra3 Rc7 44. Ra6+ Kg7 45. c4 Bd2 46. Re6 Bc3 47.
Bc6 Bd4 48. Bd5 h5 49. Re8 Kf6 50. Rf8+ Kg7 51. Rg8+ Kf6 52. a4 Bb6 53. Re8 Re7
54. Rf8+ Kg7 55. Rc8 Rc7 56. Re8 Bd4 57. a5 Kf6 58. a6 Bc5 59. Rh8 Kg7 60. Rb8
Kf6 61. Re8 Bd4 62. Rf8+ Kg7 63. Rb8 Bc5 64. Re8 Kf6 65. Re6+ Kg7 66. exf5 gxf5
67. Rxe5 Re7 68. Rxf5 Re3+ 69. Kf4 Ra3 70. Bf3 Bd6+ 71. Ke4 Rxa6 72. Rg5+ Kf6
73. Bxh5 Ra3 74. Rg6+ Ke7 75. Rg7+ Kd8 76. Bf3 Rc3 77. h5 1-0

[Event "Chigorin Memorial Open"]
[Site "St Petersburg RUS"]
[Date "2011.10.19"]
[Round "6.45"]
[White "Serov, Maksim"]
[Black "Mikheev, Stanislav"]
[Result "1-0"]
[BlackTitle "IM"]
[WhiteElo "2388"]
[BlackElo "2271"]
[WhiteFideId "4181905"]
[BlackFideId "4135920"]
[EventDate "2011.10.14"]

1. d4 d5 2. Nf3 Nf6 3. c4 c6 4. Nc3 dxc4 5. a4 Bf5 6. Ne5 e6 7. g3 Bb4 8. Bg2
Ne4 9. O-O Nxc3 10. bxc3 Bxc3 11. Ba3 Qxd4 12. Nxc4 Qxc4 13. Qd6 Bf6 14. Rfd1 e5
15. Qc7 Nd7 16. Qxb7 Rb8 17. Qxa7 Rb3 18. Qa8+ Bd8 19. Bxc6 Rc3 20. Bb5 Qb3 21.
Rd5 Rc7 22. Bd6 Qb2 23. Bxe5 Rc1+ 24. Kg2 Qc2 25. Rxc1 Qxc1 26. Bxg7 Rg8 27. Bf6 1-0

[Event "Chigorin Memorial Open"]
[Site "St Petersburg RUS"]
[Date "2011.10.19"]
[Round "6.47"]
[White "Bellia, Fabrizio"]
[Black "Guzenko, Artem"]
[Result "1-0"]
[WhiteTitle "IM"]
[WhiteElo "2420"]
[BlackElo "2216"]
[WhiteFideId "800511"]
[BlackFideId "24144460"]
[EventDate "2011.10.14"]

1. e4 c5 2. Nf3 Nc6 3. d4 cxd4 4. Nxd4 Qb6 5. Nxc6 bxc6 6. c4 g6 7. Be3 c5 8.
Nc3 Bg7 9. Nd5 Qc6 10. Qd2 Rb8 11. Rb1 Nf6 12. Bd3 d6 13. Bh6 Bxh6 14. Nxf6+
exf6 15. Qxh6 Rf8 16. O-O Qd7 17. h3 Qe7 18. f4 Rb6 19. b3 Bd7 20. Qxh7 Kd8 21.
Qh4 Kc7 22. a3 Rbb8 23. Qe1 Bc6 24. b4 cxb4 25. axb4 Rfe8 26. b5 Bb7 27. Qa5+
Kc8 28. Rfe1 1-0

[Event "Chigorin Memorial Open"]
[Site "St Petersburg RUS"]
[Date "2011.10.19"]
[Round "6.48"]
[White "Ivakhinova, Inna"]
[Black "Sergienko, Sergey"]
[Result "1/2-1/2"]
[WhiteTitle "WIM"]
[BlackTitle "IM"]
[WhiteElo "2288"]
[BlackElo "2415"]
[WhiteFideId "4185641"]
[BlackFideId "4115791"]
[EventDate "2011.10.14"]

1. d4 Nf6 2. c4 e6 3. Nf3 Bb4+ 4. Nbd2 O-O 5. a3 Be7 6. e4 d5 7. e5 Nfd7 8. cxd5
exd5 9. Bd3 c5 10. O-O Nc6 11. Re1 Re8 12. Qc2 h6 13. dxc5 Nxc5 14. Bh7+ Kh8 15.
b4 Ne6 16. Bd3 Bd7 17. Nb3 a5 18. bxa5 Nxa5 19. Nxa5 Qxa5 20. Bb2 Rec8 21. Qe2
Qa4 22. Reb1 Bc5 23. Qd2 Qa5 24. Qd1 Qa4 25. Qd2 Rc7 26. h3 Rac8 27. Bf1 Ba7 28.
Bd3 Rc2 29. Bxc2 Rxc2 30. Qb4 Bxf2+ 31. Kh1 Qa7 32. Rc1 Bc5 33. Qb3 Ba4 34. Qa2
Re2 35. Re1 Qa6 36. Rxe2 Qxe2 37. Bc3 Qe4 38. Re1 Qg6 39. Qxd5 Bc6 40. Qd2 Qg3
41. Rf1 Bxa3 42. Bb4 Bxb4 43. Qxb4 Nf4 44. Qd2 Nxh3 45. Qd8+ Kh7 46. Qd3+ g6 47.
gxh3 Qxh3+ 48. Kg1 Qg3+ 49. Kh1 Qxe5 50. Kg2 Qh5 51. Rh1 Qc5 52. Re1 h5 53. Qe3
Qf5 54. Kg3 Qg4+ 55. Kf2 Qf5 1/2-1/2

[Event "Chigorin Memorial Open"]
[Site "St Petersburg RUS"]
[Date "2011.10.19"]
[Round "6.49"]
[White "Tunik, Gennady"]
[Black "Naboka, Sergey"]
[Result "1-0"]
[WhiteTitle "GM"]
[WhiteElo "2412"]
[BlackElo "2210"]
[WhiteFideId "4101219"]
[BlackFideId "14123452"]
[EventDate "2011.10.14"]

1. d4 f5 2. g3 Nf6 3. Bg2 d6 4. Nf3 g6 5. O-O Bg7 6. b3 O-O 7. Bb2 Qe8 8. Nbd2
Nc6 9. Nc4 b5 10. Na3 b4 11. Nc4 Ne4 12. a3 bxa3 13. Rxa3 g5 14. d5 Bxb2 15.
Nxb2 Nb4 16. c4 Qh5 17. Nd3 c5 18. dxc6 Nxc6 19. b4 Bb7 20. b5 Nd8 21. Qa1 g4
22. Nh4 Nd2 23. Bxb7 Nxb7 24. Rc1 Qh6 25. Rc2 Ne4 26. Rxa7 Rab8 27. Qd4 Qe6 28.
Nf4 Qf7 29. Qd5 e5 30. Nxf5 Qxd5 31. Nxd5 Kh8 32. Nde3 Nbc5 33. Kg2 Rf6 34. f3
gxf3+ 35. exf3 Ng5 36. Rca2 h5 37. Ra8 Rxa8 38. Rxa8+ Kh7 39. Ra7+ Kh8 40. h4
Nf7 41. b6 Nd8 42. Rc7 Ndb7 43. g4 e4 44. g5 exf3+ 45. Kxf3 Re6 46. Nd5 Re5 47.
Nh6 Re4 48. Nf6 1-0

[Event "Chigorin Memorial Open"]
[Site "St Petersburg RUS"]
[Date "2011.10.19"]
[Round "6.50"]
[White "Khakimov, Timur"]
[Black "Mikhalchenko, Petr"]
[Result "1-0"]
[WhiteTitle "IM"]
[WhiteElo "2281"]
[BlackElo "2395"]
[WhiteFideId "4169115"]
[BlackFideId "4177657"]
[EventDate "2011.10.14"]

1. e4 e5 2. Nf3 Nc6 3. Bb5 a6 4. Ba4 d6 5. Bxc6+ bxc6 6. d4 f6 7. Nc3 Bg4 8. Be3
Qb8 9. b3 d5 10. exd5 Bb4 11. Bd2 Bxc3 12. Bxc3 e4 13. h3 Bh5 14. g4 Bf7 15. Nh4
cxd5 16. Qd2 Ne7 17. Bb4 Nc6 18. Bc5 Nd8 19. Nf5 Rg8 20. f3 Ne6 21. h4 Qb7 22.
fxe4 dxe4 23. O-O-O h5 24. g5 O-O-O 25. Ne7+ Kb8 26. Nxg8 Bxg8 27. Qf2 fxg5 28.
hxg5 Qd5 29. Qh4 Bf7 30. Rhe1 Bg6 31. Qg3 Re8 32. c4 Qf5 33. Rf1 Qg4 34. Rg1 e3
35. Qxg4 hxg4 36. Rxg4 Rh8 37. Rdg1 Bf5 38. R4g3 Rh2 39. Rxe3 Rxa2 40. Rge1 Nf4
41. Re8+ Kb7 42. R1e3 g6 43. R8e7 Kc8 44. Rf7 Rg2 45. Bd6 Nd3+ 46. Rxd3 Bxd3 47.
Rxc7+ Kd8 48. Ra7 Rc2+ 49. Kd1 Rb2 50. c5 Rxb3 51. c6 Bf5 52. Rf7 Re3 53. c7+
Kc8 54. Rf8+ Kb7 55. Rb8+ Kc6 56. Be5 Rxe5 57. dxe5 Kxc7 58. Rf8 Kd7 59. Rf6 a5
60. Kd2 a4 61. Kc3 Bb1 62. Ra6 a3 63. Rxa3 Ke6 64. Kd4 Kf5 65. Rf3+ Ke6 66. Rf6+
Ke7 67. Rb6 Bc2 68. e6 1-0

[Event "Chigorin Memorial Open"]
[Site "St Petersburg RUS"]
[Date "2011.10.19"]
[Round "6.51"]
[White "Tilicheev, Viacheslav"]
[Black "Zizlova, Sofia"]
[Result "1-0"]
[WhiteTitle "FM"]
[WhiteElo "2389"]
[BlackElo "2199"]
[WhiteFideId "24114928"]
[BlackFideId "4123476"]
[EventDate "2011.10.14"]

1. e4 c5 2. Nf3 d6 3. d4 cxd4 4. Nxd4 Nf6 5. Nc3 g6 6. g3 Bg7 7. Bg2 O-O 8. h3
Nc6 9. Nde2 Bd7 10. O-O Rc8 11. Be3 Ne5 12. b3 Qa5 13. Nd5 Nxd5 14. exd5 Be8 15.
a4 Nd7 16. Rb1 Nf6 17. c4 Bd7 18. Qe1 Qc7 19. Nd4 Rfe8 20. Nb5 Bxb5 21. axb5 Nd7
22. Qd2 a6 23. bxa6 bxa6 24. Rfc1 a5 25. Rc2 Nc5 26. Ra2 Ra8 27. Ra3 Reb8 28.
Bf1 Bf6 29. Qa2 Bc3 30. Qc2 Bf6 31. Bd2 Ra7 32. Qa2 Rba8 33. Be3 Ra6 34. Bg2
R6a7 35. Bf3 Kg7 36. h4 h5 37. Qd2 Rb8 38. Qa2 Rba8 39. Kg2 Bc3 40. Qc2 Bf6 41.
Bg5 Be5 42. Re1 Qb6 43. Bd2 Bd4 44. Re2 Rb8 45. Qc1 Nxb3 46. Bh6+ Kg8 47. Qf4
Bf6 48. Bg5 Be5 49. Rxe5 dxe5 50. Qxe5 f6 51. Qe4 f5 52. Qe5 Qd6 53. Qe3 Qxa3
54. Qxa7 Re8 55. Qd7 Rb8 56. Bxe7 Qb2 57. Qe6+ Kg7 58. Bd6 Nd4 59. Be5+ Kh6 60.
Qf7 Qb7 61. Bf4+ 1-0

[Event "Chigorin Memorial Open"]
[Site "St Petersburg RUS"]
[Date "2011.10.19"]
[Round "6.52"]
[White "Tarasova, Viktoriya"]
[Black "Sychev, Klementy"]
[Result "1/2-1/2"]
[WhiteTitle "WIM"]
[WhiteElo "2275"]
[BlackElo "2389"]
[WhiteFideId "4175840"]
[BlackFideId "4114060"]
[EventDate "2011.10.14"]

1. d4 f5 2. g3 Nf6 3. Bg2 g6 4. b3 Bg7 5. Bb2 O-O 6. Nf3 d6 7. O-O Qe8 8. c4 Na6
9. Nc3 e5 10. dxe5 dxe5 11. e4 c6 12. Re1 f4 13. Ba3 fxg3 14. fxg3 Rf7 15. h3
Nh5 16. Kh2 Nc7 17. Ne2 Ne6 18. Bb2 Nc5 19. Qc2 h6 20. Rf1 a5 21. Rad1 Kh7 22.
Bc3 Bd7 23. a3 Qe6 24. b4 axb4 25. axb4 Na6 26. Qd3 Be8 27. Nc1 Rd7 28. Qe2 Rad8
29. Rxd7 Rxd7 30. c5 Bf7 31. Rd1 Rxd1 32. Qxd1 Nb8 33. Qd6 Nd7 34. Qxe6 Bxe6 35.
Nd3 Nhf6 36. Nfxe5 Nxe5 37. Bxe5 Bc4 38. Nb2 Bb5 39. Kg1 Nd7 40. Bxg7 Kxg7 41.
Kf2 Kf6 42. Ke3 Ke5 43. Nd3+ Bxd3 44. Kxd3 Nf6 45. Bf3 g5 46. Ke3 h5 47. Kd3 1/2-1/2

[Event "Chigorin Memorial Open"]
[Site "St Petersburg RUS"]
[Date "2011.10.19"]
[Round "6.53"]
[White "Pimenov, Revolt"]
[Black "Karasev, Vladimir I"]
[Result "0-1"]
[BlackTitle "IM"]
[WhiteElo "2179"]
[BlackElo "2372"]
[WhiteFideId "4146590"]
[BlackFideId "4103971"]
[EventDate "2011.10.14"]

1. d4 Nf6 2. Nf3 b5 3. Nbd2 Bb7 4. e3 a6 5. Bd3 e6 6. a4 b4 7. O-O c5 8. e4 cxd4
9. e5 Nd5 10. Ne4 Nc6 11. Re1 Qc7 12. Bg5 Nxe5 13. Nxe5 Qxe5 14. Nf6+ gxf6 15.
Rxe5 fxe5 16. Be4 Rg8 17. Qh5 h6 18. Bd2 Nf6 19. Bxb7 Nxh5 20. Bxa8 a5 21. c3
dxc3 22. bxc3 Nf4 23. cxb4 Bxb4 24. Bxb4 axb4 25. a5 Ne2+ 26. Kf1 Nc3 27. a6 Ke7
28. Bb7 b3 29. a7 b2 30. Re1 b1=Q 31. Rxb1 Nxb1 32. Ke2 e4 33. Ke3 Nc3 34. a8=Q
Rxa8 35. Bxa8 f5 36. Bb7 Kf6 37. Kd4 Nd1 38. f3 e5+ 39. Kc4 Ne3+ 40. Kc5 Nxg2
41. fxe4 f4 42. Kc4 Ne3+ 43. Kd3 Ng4 44. h4 Kg6 45. Kc4 Kh5 46. Kd5 Kxh4 47. Bc8
f3 48. Bxd7 Nf6+ 0-1

[Event "Chigorin Memorial Open"]
[Site "St Petersburg RUS"]
[Date "2011.10.19"]
[Round "6.54"]
[White "Vastrukhin, Oleg"]
[Black "Balaian, Alina"]
[Result "1-0"]
[WhiteElo "2361"]
[BlackElo "2188"]
[WhiteFideId "4192770"]
[BlackFideId "24115347"]
[EventDate "2011.10.14"]

1. Nf3 Nf6 2. d4 e6 3. g3 c5 4. Bg2 cxd4 5. O-O d5 6. Nxd4 Be7 7. c4 O-O 8. cxd5
Nxd5 9. Qb3 Nc6 10. Nxc6 bxc6 11. e4 Nb6 12. Bf4 Nd7 13. Rd1 Qa5 14. Nd2 e5 15.
Nc4 Qc7 16. Be3 Nf6 17. Qc3 Ng4 18. Rac1 Be6 19. Bf3 Rab8 20. b3 Bb4 21. Qc2
Rfd8 22. h3 Nf6 23. Kg2 h6 24. Rxd8+ Rxd8 25. Qb2 Nd7 26. a3 Be7 27. Qc3 Bxc4
28. Qxc4 Bxa3 29. Qxc6 Qxc6 30. Rxc6 a5 31. Be2 Nf6 32. Kf3 Kh7 33. Bc4 Rd7 34.
g4 Bb4 35. h4 h5 36. g5 Ne8 37. Bc5 Nd6 38. Bxb4 Nxc4 39. Rxc4 axb4 40. Rxb4
Rd3+ 41. Kg2 f6 42. gxf6 gxf6 43. Rb7+ Kg6 44. Rb8 Rd4 45. f3 f5 46. exf5+ Kxf5
47. Kg3 Rd3 48. b4 e4 49. Rf8+ Kg6 50. Rf4 exf3 51. Rxf3 Rd4 52. Rb3 Rg4+ 53.
Kh3 Kf5 54. b5 Rg7 55. b6 Rb7 56. Kg3 Ke4 57. Rb5 Rg7+ 58. Kf2 Rb7 59. Ke2 Kf4
60. Kd3 Kg3 61. Rb4 Kh3 62. Ke2 Kg3 63. Ke3 Re7+ 64. Kd4 Kxh4 65. b7 Rxb7 66.
Rxb7 Kg3 67. Ke3 h4 68. Rg7+ Kh2 69. Kf2 Kh3 70. Rh7 1-0

[Event "Chigorin Memorial Open"]
[Site "St Petersburg RUS"]
[Date "2011.10.19"]
[Round "6.56"]
[White "Maletin, Pavel"]
[Black "Basencyan, Mark"]
[Result "1-0"]
[WhiteTitle "GM"]
[WhiteElo "2579"]
[BlackElo "2135"]
[WhiteFideId "4146786"]
[BlackFideId "13300725"]
[EventDate "2011.10.14"]

1. Nf3 Nf6 2. c4 d6 3. d4 Nbd7 4. Nc3 e5 5. g3 Be7 6. Bg2 O-O 7. O-O c6 8. Qc2
Qc7 9. Rd1 Re8 10. Bd2 Nf8 11. h3 Be6 12. b3 Ng6 13. Rac1 Qc8 14. dxe5 dxe5 15.
Ng5 Bf5 16. e4 Bd7 17. Kh2 h6 18. Nf3 Bc5 19. Be1 Bb6 20. Na4 Bc7 21. Nc5 Be6
22. Nxe6 Qxe6 23. c5 Red8 24. Bf1 Qe7 25. Bc4 Rxd1 26. Rxd1 Rd8 27. Rxd8+ Bxd8
28. b4 b5 29. cxb6 axb6 30. a4 Qa7 31. Bb3 Qb7 32. a5 Bc7 33. Qc4 Nh8 34. Kg2
bxa5 35. bxa5 c5 36. a6 Qa7 37. Bc3 Nd7 38. Nh4 Kh7 39. Qb5 Nb8 40. Bc4 Qa8 41.
f3 Qa7 42. Nf5 1-0

[Event "Chigorin Memorial Open"]
[Site "St Petersburg RUS"]
[Date "2011.10.19"]
[Round "6.57"]
[White "Goikhman, Valentin"]
[Black "Savchenko, Boris"]
[Result "0-1"]
[BlackTitle "GM"]
[WhiteElo "2261"]
[BlackElo "2630"]
[WhiteFideId "2806800"]
[BlackFideId "4147332"]
[EventDate "2011.10.14"]

1. e4 Nf6 2. e5 Nd5 3. d4 d6 4. Nf3 dxe5 5. Nxe5 Nd7 6. Nxf7 Kxf7 7. Qh5+ Ke6 8.
c4 N5f6 9. d5+ Kd6 10. Qf7 Ne5 11. Bf4 c5 12. Nc3 a6 13. O-O-O g6 14. Bxe5+ Kxe5
15. d6 Bh6+ 16. Kb1 Qe8 17. Rd5+ Nxd5 18. Qxd5+ Kf6 19. Bd3 exd6 20. Qxd6+ Kg7
21. Nd5 Rf8 22. Qxc5 Qe5 0-1